| 000 | 00403nam a2200157 a 4500 | ||
|---|---|---|---|
| 005 | 20140412111416.0 | ||
| 008 | 070725s19uu xx 00 eng d | ||
| 020 | _a971-08-3553-x | ||
| 050 |
_aTR(PS E _bSt26 1981 |
||
| 100 | _aRaabe, Janis | ||
| 245 |
_aStan the squid / _cJanis Raabe. |
||
| 260 |
_aPhilippines : _bNational book store, _c1981. |
||
| 300 | _a8 | ||
| 650 | _aBlends | ||
| 999 |
_c105853 _d105853 |
||